Szczegóły MARC21

Franz Kafka Erzählungen. 1, Die Verwandlung, ein Bericht für eine Akademie, ein Hungerkünstler, eine kaiserliche Botschaft, ein altes Blatt /

003 -Nazwa inst., której nr kontr. jest w polu 001 [,]
    • @
    • Nazwa instytucji, której n kontrolny jest w polu 001
    • NUKAT
005 -DATA I CZAS OSTATNIEJ MODYFIKACJI [,]
    • @
    • pole kontrolne
    • 20241231091928.0
020 -Międzynarod. znormalizowany nr książki - ISBN [ , ]
    • a
    • Numer ISBN
    • 3804403131 Find
040 -Instytucja sporządzająca opis [ , ]
    • a
    • Instytucja, która sporządziła opis (NP)
    • SZCZ U/JS
    • c
    • Instytucja, która sporządziła rekord (NP)
    • SZCZ U/JSs
942 -Rodzaj dokumentu [ , ]
    • c
    • Rodzaj dokumentu
    • Książka
100 -Hasło główne - nazwa osobowa [1, ]
    • a
    • Nazwa osobowa (NP)
    • Scholz, Ingeborg.
    • 9
    • KHW
    • 437456
245 -Strefa tytułu i oznaczenia odpowiedzialności [1,0]
    • a
    • Tytuł
    • Franz Kafka Erzählungen. Find
    • n
    • Oznaczenie części (P)
    • 1,
    • p
    • Nazwa części (P)
    • Die Verwandlung, ein Bericht für eine Akademie, ein Hungerkünstler, eine kaiserliche Botschaft, ein altes Blatt /
    • c
    • Pozostałe elementy strefy tytułu i oznaczenia odpowiedzialności (NP)
    • von Ingeborg Scholz.
260 -Strefa adresu wydawniczego [ , ]
    • a
    • Miejsce wydania (P)
    • Hollfeld/Obfr. :
    • b
    • Nazwa wydawcy (P)
    • C. Bange Verlag,
    • c
    • Data wydania (P)
    • cop. 1985.
300 -Strefa opisu fizycznego [ , ]
    • a
    • Określenie formy książki i/lub objętość (NP)
    • 60 s. ;
    • c
    • Format (NP)
    • 16 cm.
336 -Typ zawartości [ , ]
    • a
    • Termin opisujący typ zawartości
    • Tekst
    • b
    • Kod określający zawartość
    • txt
    • 2
    • Źródło (terminu i kodu)
    • rdacontent
337 -Typ mediów [ , ]
    • a
    • Tryb odtwarzania
    • Bez urządzenia pośredniczącego
    • b
    • Kod typu mediów
    • n
    • 2
    • Źródło (terminu i kodu)
    • rdamedia
338 -Typ/rodzaj nośnika [ , ]
    • a
    • Hasło opisujące typ nośnika
    • Wolumin
    • b
    • Kod typu nośnika
    • nc
    • 2
    • Źródło (terminu i kodu)
    • rdacarrier
490 -Strefa serii i książki wielotomowej - forma nie do wyszukiwania [1, ]
    • a
    • Tytuł (P)
    • Königs Erläuterungen und Materialien ; Find
    • v
    • Numeracja (P)
    • Bd. 279
830 -Hasło dodatkowe serii i opisu książki wielotomowej - tytuł ujednolicony/tytuł [ ,0]
    • a
    • Tytuł ujednolicony/tytuł (NP)
    • Königs Erläuterungen und Materialien
    • v
    • Oznaczenie tomu (NP)
    • Bd. 279
    • 9
    • KHW
    • 95449
504 -Uwaga dot. bibliogr. załącznikowej [ , ]
    • a
    • Uwaga dot. bibliografii załącznikowej
    • Bibliogr. s. 58-60.
600 -Hasło przedmiotowe w formie nazwy osobowej [1,7]
    • a
    • Nazwa osobowa
    • Kafka, Franz
    • d
    • Daty związane z nazwą
    • (1883-1924)
    • x
    • Określnik rzeczowy
    • krytyka i interpretacja.
    • 2
    • Źródło terminu
    • kaba
    • 9
    • KHW
    • 371444
600 -Hasło przedmiotowe w formie nazwy osobowej [1,7]
    • a
    • Nazwa osobowa
    • Kafka, Franz
    • d
    • Daty związane z nazwą
    • (1883-1924)
    • v
    • Określnik formalny
    • biografie.
    • 2
    • Źródło terminu
    • kaba
    • 9
    • KHW
    • 437612
710 -Hasło dodatkowe - nazwa ciała zbiorowego [2, ]
    • a
    • Nazwa ciała zbiorowego lub nazwa geograficzna jako pierwszy element (NP)
    • C. Bange Verlag (Hollfeld).
    • 4
    • Kod relacji
    • pbl
    • 9
    • KHW
    • 95800
920 -ISBN [ , ]
    • a
    • ISBN
    • 3-8044-0313-1 Find
Sygnatura Lokalizacja Status udost. Numer inwentarzowy
 BM1G.3147
Germ. Literaturozn. - Kafka 05BM-3G.3148
Germ. Literaturozn. - Kafka 06BM-3G.3149